000 00969nam a2200301 a 4500
001 53139
003 BD-RjUL
005 20211209075921.0
008 161003s1994 enk s 000 1 eng d
020 _z1901843866
035 _a(BD-RjUL)53259
040 _aCaPaEBR
_cCaPaEBR
_beng
_dBD-RjUL
041 _aeng
082 _223
_a813.4
_bJAA 1994
100 1 _aJames, Henry,
_d1843-1916.
_9127787
245 1 4 _aThe Ambassadors /
_cHenry James.
250 _a2nd ed.
260 _aLondon :
_bElectric Book Co.,
_c1994
300 _aviii, 543 p. :
_bill. ;
_c24 cm.
600 1 0 _aJames, Henry,
_d1843-1916.
_9127787
650 0 _aAmericans
_zFrance
_zParis
_vFiction.
_9158844
650 0 _aAmerican literature
_y19th century.
_9158845
655 7 _aElectronic books.
_2local
_9129485
710 2 _aebrary, Inc.
_9137644
856 4 0 _uhttp://www.columbia.edu/cgi-bin/cul/resolve?clio5376159
_zClick here for full text.
942 _2ddc
_cBK
999 _c53139
_d53139